Statistiken für Bekannte Personen des ESC

Klicken Sie hier um das Quiz zu spielen!

Allgemein

  • Dieses Quiz wurde 106 mal gespielt
  • Das Durchschnittsergebnis liegt bei 8 aus 16

Antwortstatistiken

Antwort% Korrekt
Lena Meyer-Landrut
97%
Stefan Raab
95%
ABBA
93%
Conchita Wurst
87%
Måneskin
69%
Udo Jürgens
55%
Guildo Horn
54%
Céline Dion
50%
Dschinghis Khan
48%
Cascada
38%
Nicole
35%
Vicky Leandros
34%
Flo Rida
32%
Bonnie Tyler
20%
Olivia Newton-John
13%
Darude
7%

Verteilung der Resultate

Perzentil nach korrekt beantworteten Fragen

Anzahl Personen mit jedem Resultat

Ihre Resultats-Entwicklung

Sie haben dieses Quiz noch nicht gespielt